Chilean players in European Big Five (2000-) - Statistics

General Stats
  • This quiz has been taken 59 times
  • The average score is 19 of 66
Answer Stats
Ranking Player Positions Nationality Matches Goals (assists) Periods Clubs % Correct
1 Alexis Sánchez MF, FW 487 154 (87) 2008-2025
100%
2 Arturo Vidal MF 437 77 (56) 2007-2022
98%
4 Claudio Bravo GK 327 0 (0) 2006-2007, 2010-2017, 2019-2024
95%
62 Christian Bravo MF, FW 2 0 (0) 2013-2014
84%
5 Gary Medel DF, MF 299 9 (10) 2010-2016, 2019-2023
78%
14 Charles Aránguiz MF 168 10 (20) 2015-2023
76%
22 Eduardo Vargas MF, FW 86 8 (7) 2011-2017
62%
65 Iván Zamorano FW 2 1 (0) 2000-2001
60%
11 Matías Fernández MF 179 15 (25) 2006-2008, 2012-2017
60%
7 Mauricio Isla DF, MF 240 9 (27) 2007-2017
60%
3 David Pizarro MF 374 28 (55) 2000-2015
56%
16 Jorge Francisco Vargas DF 126 2 (2) 2000-2001, 2002-2006
56%
63 Damián Pizarro MF, FW 2 0 (0) 2024-2025
55%
29 Marcelo Díaz MF 57 1 (3) 2014-2017
55%
9 Guillermo Maripán DF 194 14 (4) 2017-2025
53%
35 Marcelo Salas FW 40 9 (5) 2000-2003
51%
36 Ben Brereton MF, FW 38 6 (1) 2023-2025
47%
12 Erick Pulgar DF, MF 174 18 (13) 2015-2022
44%
10 Mauricio Pinilla FW 184 48 (14) 2003-2004, 2005-2006, 2010-2017
44%
28 Gonzalo Jara DF, MF 57 1 (1) 2010-2012, 2014-2016
40%
26 Jean Beausejour DF, FW 67 3 (12) 2010-2013
40%
25 Gabriel Suazo DF 79 0 (11) 2022-2025
38%
6 Fabián Orellana MF, FW 288 42 (43) 2009-2010, 2012-2021
36%
42 Humberto Suazo FW 17 6 (3) 2009-2010
36%
19 Mark González MF, FW 111 21 (8) 2004-2009
35%
17 Pablo Hernández MF, FW 118 8 (7) 2014-2018
35%
47 Francisco Sierralta DF 11 0 (0) 2018-2019, 2021-2022
25%
55 Junior Fernándes MF, FW 6 0 (1) 2012-2013
25%
18 Enzo Roco DF 117 3 (1) 2014-2015, 2021-2023
22%
33 Francisco Silva DF, MF 47 1 (1) 2012-2014
22%
24 Miiko Albornoz DF, MF 83 1 (7) 2014-2015, 2017-2019
20%
53 Nicolás Castillo FW 7 0 (0) 2014-2016
20%
8 Carlos Carmona MF, FW 201 15 (7) 2004-2005, 2008-2009, 2011-2017
18%
43 Felipe Gutiérrez MF 14 1 (0) 2016-2017
18%
51 Julio Gutiérrez FW 7 0 (0) 2000-2001, 2003-2004
18%
39 Tomás Alarcón MF 27 0 (1) 2021-2023
18%
66 Hans Martínez DF 1 0 (0) 2013-2014
16%
58 Ángelo Henríquez FW 4 1 (0) 2012-2013
15%
20 Luis Jiménez MF, FW 110 19 (11) 2005-2011
15%
15 Manuel Iturra MF 135 1 (2) 2012-2015, 2017-2019
15%
45 Diego Valencia MF, FW 12 0 (0) 2022-2023
13%
52 Luis Rojas MF, FW 7 0 (0) 2020-2021
13%
49 Bryan Rabello MF, FW 10 0 (0) 2012-2014
11%
34 Clarence Acuña MF 46 6 (0) 2000-2003
11%
13 Jaime Valdés MF, FW 170 16 (13) 2000-2001, 2004-2005, 2008-2009, 2011-2014
11%
54 Waldo Ponce DF 7 0 (0) 2003-2004, 2010-2011
11%
23 Marco Estrada DF, MF 84 8 (10) 2010-2013
7%
21 Pablo Contreras DF 105 6 (0) 2000-2001, 2003-2004, 2005-2007
7%
44 Carlos Villanueva MF, FW 13 0 (1) 2008-2009
5%
37 Héctor Tapia FW 37 5 (1) 2002-2004
5%
64 Igor Lichnovsky DF 2 0 (0) 2015-2016
5%
60 Javier Margas DF 3 0 (0) 2000-2001
5%
40 Lorenzo Reyes MF 26 1 (0) 2013-2014
5%
48 Pedro Reyes DF 11 0 (0) 2000-2002
5%
30 Cristóbal Jorquera MF, FW 52 3 (8) 2011-2012, 2014-2015
4%
32 Felipe Seymour MF 47 1 (1) 2011-2013
4%
31 Marcelo Larrondo FW 49 5 (1) 2009-2010, 2011-2015
2%
27 Nicolás Córdova MF 62 7 (5) 2001-2002, 2004-2006, 2010-2011
2%
38 Pablo Galdames Millán MF 34 1 (2) 2021-2024
2%
57 Rafael Olarra DF 5 0 (0) 2001-2002
2%
46 Carlos Labrín DF 11 0 (0) 2011-2013
0%
59 Juan Gonzalo Lorca FW 4 0 (1) 2009-2010
0%
50 Mario Salgado FW 9 1 (0) 2001-2002
0%
56 Matías Campos DF, MF 5 0 (0) 2012-2013
0%
61 Pascual de Gregorio FW 3 0 (0) 2000-2001
0%
41 Pedro Morales MF 22 4 (3) 2012-2014
0%
No matching quizzes found
Score Distribution
Percent of People with Each Score
Percentile by Number Answered
Your Score History
You have not taken this quiz